000 00177nam a2200073Ia 4500
008 170817s9999 xx 000 0 und d
100 _aBharati.T.
245 0 _aPersonality Development
260 _bNeel Kamal Pub
999 _c38236
_d38236